La moral independiente y los principios del derecho nuevo / (Record no. 159721)

MARC details
000 -LEADER
campo de control de longitud fija 00719nam a22001935i 4500
001 - NÚMERO DE CONTROL
campo de control 159721
003 - IDENTIFICADOR DE NÚMERO DE CONTROL
campo de control ES-MaACL
005 - FECHA Y HORA DE LA ÚLTIMA TRANSACCIÓN
campo de control 20250718062546.0
008 - DATOS DE LONGITUD FIJA--INFORMACIÓN GENERAL
campo de control de longitud fija 940202s1886 sp |||| | spa d
040 ## - FUENTE DE CATALOGACIÓN
Centro catalogador/agencia de origen CAM
Lengua de catalogación spa
100 1# - ENTRADA PRINCIPAL--NOMBRE DE PERSONA
Nombre de persona Minteguiaga, Venancio María de
Títulos y otros términos asociados al nombre (S.I.) (
Fechas asociadas al nombre 1838-1911)
9 (RLIN) 129950
245 13 - MENCIÓN DEL TÍTULO
Título La moral independiente y los principios del derecho nuevo /
Mención de responsabilidad, etc. por Venancio Maria de Minteguiaga ; obra precedida de un prólogo de Juan Manuel Orti y Lara.
260 ## - PUBLICACIÓN, DISTRIBUCIÓN, ETC.
Lugar de publicación, distribución, etc. Madrid :
Nombre del editor, distribuidor, etc. La Ciencia Cristiana,
Fecha de publicación, distribución, etc. 1886.
300 ## - DESCRIPCIÓN FÍSICA
Extensión XXXIII, 504 p. ;
Dimensiones 23 cm.
650 #7 - PUNTO DE ACCESO ADICIONAL DE MATERIA--TÉRMINO DE MATERIA
Término de materia o nombre geográfico como elemento de entrada Ética
Fuente del encabezamiento o término embne
9 (RLIN) 12577
700 1# - ENTRADA AGREGADA--NOMBRE PERSONAL
Nombre de persona Ortí y Lara, Juan Manuel.
9 (RLIN) 87534
852 ## - LOCALIZACIÓN
Ubicación ES-MaACL
Número de control de estantería F-8083
Nota libre -- Enc. pasta
Holdings
Estatus retirado Estado de pérdida Estado de daño No para préstamo Colección Biblioteca de origen Biblioteca actual Ubicación en estantería Fecha de adquisición Fuente de adquisición Total de préstamos Signatura topográfica completa Código de barras Visto por última vez Precio de reemplazo Tipo de ítem Koha
        Libros del s. XIX Biblioteca del Ateneo de Madrid Biblioteca del Ateneo de Madrid Sala Pecera Planta 2 17/01/2008     F-8083 1167210 23/02/2023 23/02/2023 Libro impreso antiguo